[Event "OP-2016-0-04015"]
[Site "LSS email"]
[Date "2016.04.11"]
[Round "?"]
[White "Charnley, Bernard J"]
[Black "Tomasek, Radek"]
[Result "1-0"]
[WhiteElo "1985"]
[BlackElo "800"]
[PlyCount "31"]
[EventDate "2016.04.06"]
[EventType "tourn (corr)"]
[EventRounds "4"]
[EventCountry "GER"]
[SourceTitle "Corr 2022"]
[Source "ChessBase"]
[SourceDate "2021.10.24"]
[SourceVersion "1"]
[SourceVersionDate "2021.10.24"]
[SourceQuality "1"]

1. d4 d5 2. Nf3 Nc6 3. e3 Bg4 4. Be2 Nf6 5. Nbd2 e5 6. Nxe5 Bxe2 7. Qxe2 Be7 8. Nxc6 bxc6 9. 0-0 0-0 10. b3 c5 11. dxc5 Bxc5 12. Bb2 Re8 13. Qd3 c6 14. Bd4 Bxd4 15. Qxd4 Ne4 16. Rfd1 1-0